US Sassuolo Squad 2022-2023 - Statistics

General Stats
  • This quiz has been taken 41 times
  • The average score is 19 of 31
Answer Stats
# Position Nation Player % Correct
10 FW Italy Domenico Berardi
97%
47 GK Italy Andrea Consigli
94%
9 FW Italy Andrea Pinamonti
87%
13 DF Italy Gian Marco Ferrari
84%
14 MF Equatorial Guinea Pedro Obiang
84%
45 FW France Armand Laurienté
77%
22 DF Germany Jeremy Toljan
77%
28 DF Croatia Martin Erlić
77%
11 FW Uruguay Agustín Álvarez
74%
17 DF Turkey Mert Müldür
74%
27 MF France Maxime Lopez
71%
6 DF Brazil Rogério Oliveira
71%
44 DF Brazil Ruan Tressoldi
71%
16 MF Italy Davide Frattesi
68%
77 DF Greece Georgios Kyriakopoulos
68%
7 MF Brazil Matheus Henrique
68%
20 MF Albania Nedim Bajrami
68%
- Coach Italy Alessio Dionisi
65%
25 GK Italy Gianluca Pegolo
61%
5 DF Turkey Kaan Ayhan
61%
92 FW Martinique Grégoire Defrel
55%
42 MF Norway Kristian Thorstvedt
52%
8 MF Morocco Abdou Harroui
42%
23 MF Ivory Coast Hamed Junior Traorè
39%
15 FW Norway Emil Konradsen Ceïde
35%
19 DF Italy Filippo Romagna
32%
64 GK Italy Alessandro Russo
29%
35 FW Italy Luca D'Andrea
26%
21 DF Italy Nadir Zortea
23%
3 DF Italy Riccardo Marchizza
23%
18 FW France Janis Antiste
19%
No matching quizzes found
Score Distribution
Percent of People with Each Score
Percentile by Number Answered
Your Score History
You have not taken this quiz